000 00306nam a22001337a 4500
008 181016b xxu||||| |||| 00| 0 eng d
020 _a9780547132495
041 _aeng
080 _25th
_a311
100 _a55
101 _aSTA
245 _aUnderstanding Basic Statistics
_cBrase,Ch.H
942 _2udc
_cBK
999 _c49862
_d49862